[Event "CFriend AP-2004-Q-00010 email"]
[Site "Chessfriend.com"]
[Date "2004.04.09"]
[Round "?"]
[White "Leaua, Cristinel Costel"]
[Black "Musselman, Seth"]
[Result "1-0"]
[WhiteElo "2102"]
[BlackElo "800"]
[PlyCount "35"]
[EventDate "2004.??.??"]
[EventType "tourn (corr)"]
[EventRounds "12"]
[SourceTitle "Corr 2008"]
[Source "ChessBase"]
[SourceDate "2008.06.24"]
[SourceVersion "1"]
[SourceVersionDate "2008.06.24"]
[SourceQuality "1"]

1. e4 c5 2. Nf3 Nc6 3. d4 cxd4 4. Nxd4 Nf6 5. Nc3 e5 6. Ndb5 d6 7. Bg5 a6 8. Na3 b5 9. Nd5 Be7 10. Bxf6 Bxf6 11. c3 Be6 12. Nc2 0-0 13. Nce3 Ne7 14. Nxf6+ gxf6 15. Qf3 Ng6 16. h4 Kg7 17. h5 Nh8 18. 0-0-0 1-0

[Event "CFriend AP-2004-Q-00010 email"]
[Site "Chessfriend.com"]
[Date "2004.04.09"]
[Round "?"]
[White "Musselman, Seth"]
[Black "Lejsek, Heinz"]
[Result "0-1"]
[WhiteElo "800"]
[BlackElo "2351"]
[PlyCount "40"]
[EventDate "2004.??.??"]
[EventType "tourn (corr)"]
[EventRounds "12"]
[SourceTitle "Corr 2008"]
[Source "ChessBase"]
[SourceDate "2008.06.24"]
[SourceVersion "1"]
[SourceVersionDate "2008.06.24"]
[SourceQuality "1"]

1. e4 c5 2. Nf3 d6 3. d4 cxd4 4. Nxd4 Nf6 5. Nc3 a6 6. Bg5 e6 7. f4 Qb6 8. Qd2 Qxb2 9. Rb1 Qa3 10. e5 dxe5 11. fxe5 Nfd7 12. Bc4 Bb4 13. Rb3 Qa5 14. 0-0 0-0 15. Nxe6 fxe6 16. Bxe6+ Kh8 17. Rxf8+ Bxf8 18. Bxd7 Nxd7 19. e6 Ne5 20. Qd5 Qxd5 0-1